00347nam a2200145 4500020001800000082001400018100001400032245003100046250001200077260004200089300001000131650002000141650002500161650001500186 a9789359625065 aM3bJIS/B aJisa Jose aBlueberries/cby Jisa Jose a4th ed. aKozhikode:bMathrubhumi books,c2025. a208p. aNovel Malayalam aLiterature Malayalam aLiterature